| 000 | 01058nam a2200277 c 4500 | ||
|---|---|---|---|
| 999 |
_c206645 _d206645 |
||
| 003 | BLK | ||
| 005 | 20210625103818.0 | ||
| 008 | 180411b bul|||||r ||||||| ||bul|| | ||
| 010 | _aKNG00216395000 | ||
| 040 | _aBLK | ||
| 041 |
_aBUL _cBUL |
||
| 080 |
_aРуска литература _b821.161.1 _x-22 _z821.161.1-22 |
||
| 100 | 1 |
_aГогол, Николай Василиевич _eпърви автор _954566 |
|
| 139 |
_aГогол, Николай Василиевич _bГ 60 |
||
| 245 | 1 | 0 |
_aРевизор _bКомедия в 5 д. _cНиколай Василиевич Гогол; прев. от рус. Христо Василев Радевски. |
| 257 | _aRUS | ||
| 260 |
_bНар. култура _c1955 |
||
| 300 |
_a134 с. _bс 1 портр. _c14 см |
||
| 380 | _aX | ||
| 700 | 1 |
_aРадевски, Христо Василев _eпрев. от рус. _9366130 |
|
| 852 | _aЦб 8.170.46946 | ||
| 856 | 4 | _qpdf | |
| 856 | 4 | _qpdf | |
| 942 |
_cKNG _n0 _s1 |
||
| 944 |
_aCR _c26.02.2018 _kКети_Илиева |
||
| 944 |
_aED _c26.02.2018 _kКети_Илиева |
||
| 999 | _d206645 | ||